Matematický model výpočtu spotreby drog z analýzy splaškových odpadových vôd

Gespeichert in:
Bibliographische Detailangaben
1. Verfasser: Bartók, Zoltán (Verfasst von)
Weitere Verfasser: Bodík, Igor (Betreuung Doktorarbeit)
Format: Manuskript Buch
Sprache:Slowakisch
Veröffentlicht: 2019
Schlagworte:
Online-Zugang:http://is.stuba.sk/zp/portal_zp.pl?podrobnosti=129278
Tags: Tag hinzufügen
Keine Tags, Fügen Sie das erste Tag hinzu!

MARC

LEADER 00000ntm a22000003a 4500
001 stuzp69538
003 SK-STU
005 20190622210615.4
007 ta
008 150427s2015----xo-----f-mn---000-0-slo-d
040 |a STU  |b slo 
041 0 |a slo 
100 1 |a Bartók, Zoltán  |u 046290  |4 aut  |U FCHPT Ústav chemického a environmentálneho inžinierstva  |T FCHPT Oddelenie environmentálneho inžinierstva  |X 82593  |U C6290  |Y 120  |7 82593 
242 0 1 |a Mathematical Model for Estimation of Illicit Drugs Consumption from Sewage  |y eng 
245 1 0 |a Matematický model výpočtu spotreby drog z analýzy splaškových odpadových vôd 
260 |c 2019 
650 4 |a drogy  |2 slo 
650 4 |a monitoring  |2 slo 
650 4 |a odpadové vody  |2 slo 
650 4 |a monitoring  |2 eng 
650 4 |a wastewater  |2 eng 
650 4 |a drugs  |2 eng 
700 1 |a Bodík, Igor  |u 046290  |k Z1  |4 ths  |U FCHPT Ústav chemického a environmentálneho inžinierstva  |T FCHPT Oddelenie environmentálneho inžinierstva  |X 3340  |U C6290  |Y 120  |7 A000003340 
856 4 |u http://is.stuba.sk/zp/portal_zp.pl?podrobnosti=129278